000 01282nam a2200373 a 4500
001 51428
003 FlNmELB
005 20241216232315.0
006 m o d |
007 cr cn|||||||||
008 201005r1995 ag |||||s|||||||||||spa d
020 _z9788485498451
035 _a(MiAaPQ)EBC3188474
035 _a(Au-PeEL)EBL3188474
035 _a(CaPaEBR)ebr10384195
035 _a(OCoLC)928972775
040 _aFlNmELB
_bspa
_cFlNmELB
050 4 _aRC509
_bM535 1995
080 _a159.964.2
082 0 4 _a616.8917
_222
100 1 _aMenassa, Miguel Oscar.
245 1 0 _aSiete conferencias de psicoanálisis en La Habana, Cuba
_h[recurso electronico] /
_cMiguel Oscar Menassa.
260 _aBuenos Aires, Argentina :
_bGrupo Cero,
_c1995.
300 _a210 p.
440 0 _aPsicoanálisis y medicina
533 _aRecurso electrónico. Santa Fe, Arg.: e-libro, 2015. Disponible vía World Wide Web. El acceso puede estar limitado para las bibliotecas afiliadas a e-libro.
650 4 _aPsicoanálisis
_xEnsayos.
650 4 _aPsychoanalysis.
650 4 _aCommunism and psychoanalysis.
653 _aPsicoanalisis
655 4 _aLibros electrónicos.
710 2 _ae-libro, Corp.
856 4 0 _uhttps://elibro.net/ereader/politecnicointernacional/55378
999 _c51428
_d51428